000 00656nam a2200205Ia 4500
001 15014
003 GE_BSU
008 181216s||||||||xx |||||||||||||| ||und||
040 _cGE_BSU
080 _a51(075.8)
100 _aБогомолов, Н.В.
245 _aПрактические занятия по математике:
245 _bУчебное пособие для средних специльных учеб завед.
260 _aМосква
260 _bВысшая школа
260 _c1963
300 _a398стр.22см.
653 _aПрактические занятия по математике:
942 _cBK
999 _c48133
_d48133